Hungary on the road to the European Union
Saved in:
| Format: | Book |
|---|---|
| Language: | English |
| Published: |
Washington, D.C.
World Bank
1999
|
| Series: | <A> World bank country study
|
| Subjects: | |
| Tags: |
No Tags, Be the first to tag this record!
|
MARC
| LEADER | 00000nam$a2200000$$$4500 | ||
|---|---|---|---|
| 001 | 0020176 | ||
| 005 | 20221129101303.1 | ||
| 020 | |a 0-8213-4618-0 | ||
| 041 | 0 | |a eng | |
| 044 | |a US | ||
| 245 | 1 | 0 | |a Hungary |b on the road to the European Union |
| 264 | 1 | |a Washington, D.C. |b World Bank |c 1999 | |
| 300 | |a 233 s. | ||
| 490 | 1 | |a <A> World bank country study | |
| 830 | 0 | |a <A> World bank country study | |
| 610 | 2 | 0 | |a Maďarsko |
| 610 | 2 | 0 | |a Európska únia |
| 610 | 2 | 0 | |a integrácia ekonomická |
| 610 | 2 | 0 | |a integrácia ekonomická medzinárodná |
| 610 | 2 | 0 | |a obdobie prechodné |
| 610 | 2 | 0 | |a politika fiškálna |
| 610 | 2 | 0 | |a obchod zahraničný |
| 610 | 2 | 0 | |a trh |
| 610 | 2 | 0 | |a financie |
| 610 | 2 | 0 | |a rozvoj hospodársky |
| 610 | 2 | 0 | |a trh práce |
| 610 | 2 | 0 | |a správa verejná |
| 610 | 2 | 0 | |a poľnohospodárstvo |
| 610 | 2 | 0 | |a prostredie životné |